| 000 | 00620nam a22002057a 4500 | ||
|---|---|---|---|
| 999 |
_c3927 _d3927 |
||
| 003 | AR-CdUCM | ||
| 008 | 190307b ||||| |||| 00| 0 spa d | ||
| 040 |
_aMUNICIPALIDAD PROVINCIAL DEL CUSCO _cBIBLIOTECA MUNICIPAL DEL CUSCO |
||
| 082 |
_a869.56 / _bV37 |
||
| 100 |
_aVega, Anaximandro _912584 |
||
| 245 | _aPoemas y Cuentos / | ||
| 260 |
_aPerú : _bCantuta , _c1970. |
||
| 300 |
_a104 páginas ; _c21 cm. |
||
| 440 |
_a La Flor de la Cantuta _n3 _912585 |
||
| 650 |
_aLiteratura Peruana _9132 |
||
| 650 |
_aLiteratura Latinoamericana _9799 |
||
| 650 |
_aCultura Peruana _91637 |
||
| 942 |
_2ddc _cLIBROS |
||
| 945 | _artm | ||